Southeastern archaeology

Bibliographic Details
Corporate Author: Southeastern Archaeological Conference
Format: Electronic Conference Proceeding Journal
Language:English
Published: Gainesville, Fla. : Southeastern Archaeological Conference, 1982-
[Leeds, UK] : [Maney Publishing]
Subjects:
Online Access:Full text available from Research Library: 07/01/2004 to 12/31/2018

MARC

LEADER 00000nas a2200000 a 4500
001 ssj0017603
003 WaSeSS
005 20200512172242.0
006 m d
007 cr n
008 050614c19829999enktx p s o 0 a0eng c
010 |a  2011234573 
016 7 |a 016953712  |2 Uk 
022 |a 2168-4723  |l 0734-578X  |y 0734-578X 
035 |a (WaSeSS)ssj0017603 
040 |a OCLCS  |b eng  |e pn  |c OCLCS  |d OCLCQ  |d EYM  |d HLS  |d DLC  |d OCLCQ  |d OCLCF  |d DLC  |d OCLCQ  |d UKMGB  |d VT2  |d DLC  |d WaSeSS 
042 |a pcc  |a nsdp 
043 |a n-usu-- 
050 0 0 |a F211 
082 1 0 |a 975/.01/05  |2 14 
130 0 |a Southeastern archaeology (Online) 
222 0 |a Southeastern archaeology  |b (Online) 
245 1 0 |a Southeastern archaeology  |h [electronic resource]. 
260 |a Gainesville, Fla. :  |b Southeastern Archaeological Conference,  |c 1982- 
260 |3 <2015-> :  |a [Leeds, UK] :  |b [Maney Publishing] 
310 |a Three issues per year,  |b 2015- 
321 |a Two issues yearly,  |b 1982-2014 
362 0 |a Vol. 1, no. 1 (summer 1982)- 
500 |a Title from PDF cover (JSTOR, viewed July 22, 2011). 
500 |a Imprint varies. 
506 |a License restrictions may limit access. 
588 |a Latest issue consulted: Vol. 39, issue 1 (2020) (Taylor & Francis Online, viewed Mar. 20, 2020). 
650 0 |a Indians of North America  |z Southern States  |x Antiquities  |v Periodicals. 
650 7 |a Antiquities.  |2 fast  |0 (OCoLC)fst00810745 
650 7 |a Indians of North America  |x Antiquities.  |2 fast  |0 (OCoLC)fst00969645 
651 0 |a Southern States  |x Antiquities  |v Periodicals. 
651 7 |a Southern States.  |2 fast  |0 (OCoLC)fst01244550 
655 0 |a Electronic journals. 
711 2 |a Southeastern Archaeological Conference. 
776 0 8 |i Print version:  |t Southeastern archaeology  |x 0734-578X  |w (DLC) 84649369  |w (OCoLC)8771365 
850 |a DLC 
856 4 0 |z Full text available from Research Library: 07/01/2004 to 12/31/2018  |u https://search.proquest.com/publication/27762